000 01891nam a22002297a 4500
001 6557
003 FISKH
005 20250509140943.0
008 250509b cb ||||| |||| 00| 0 eng d
020 _a9789996333408
040 _aFISKH
_bkhr
_cFISKH
_dFISKH
082 _a400
100 _aSokheng, Kong
245 _aសិក្សាភាសាខ្មែរ ថ្នាក់ទី៩ /
_cរៀបរៀងនិងចងក្រងដោយ គង់​ សុខហេង
250 _aបោះពុម្ពលើកទី២​
260 _aភ្នំពេញ :
_bរោងពុម្ព ពេជ្រណែត​ ,
_c2017 .
300 _a230 pages :
_billustrations ;
_c20 cm .
520 _aសៀវភៅ «សិក្សាភាសាខ្មែរថ្នាក់ទី៩» ដែលរៀបរៀងដោយលោក គង់ សុខហេង គឺជាវិភាគសិក្សាសម្បូរបែបមួយ ដែលត្រូវបានរចនាឡើងដើម្បីលើកស្ទួយសមត្ថភាពភាសាខ្មែររបស់សិស្សនៅថ្នាក់ទី៩។ សៀវភៅនេះសម្របសម្រួលតាមកម្មវិធីសិក្សាជាតិ ហើយត្រូវបានរៀបចំឡើងយ៉ាងមានលំដាប់ ដើម្បីជួយឲ្យការសិក្សាអភិវឌ្ឍទៅដោយសមរម្យ។
520 _aThe book "Khmer Language Studies for Grade 9", compiled by Kong Sokheng, serves as a comprehensive educational resource designed to enhance students' proficiency in the Khmer language at the ninth-grade level. This textbook aligns with the national curriculum and is structured to facilitate progressive learning.
942 _2ddc
_cKHB
_n0
999 _c6557
_d6557